000 00868nas a2200289 4500
001 BR0808167
003 BR-BrBNA
005 20231205112815.0
007 ta
008 230509b bl.|||p| |||| 00| 00por d
040 _aBR-BrBNA
_bpor
_cBiblioteca Nacional de Agricultura
041 _a(Pt)
072 _aF30
100 1 _aSilva, R.G.
100 1 _aCruz, C.D.
100 1 _aMiranda, G.V.
100 1 _aGalvão, J.C.C.
100 1 _aSilva, D.G.
245 1 _aAdaptação de famílias de meio-irmãos de milho submetidas ao déficit hídrico e baixa disponibilidade de nitrogênio.
650 _aMILHO
650 _aADAPTAÇÃO
650 _aNITROGÊNIO
650 _aGENÓTIPOS
773 0 _tRevista Ceres (Brazil)
_xISSN 0034-737X
_g(Jul-Aug 2008), v. 55(4) p. 344-351
_wBR0808167
909 _a202311
_bLúcia
_c55
_dLúcia Elande
942 _2AGRIS
_n0
_cANA
999 _c200101
_d200101